My best friend / (Record no. 5876)

MARC details
000 -LEADER
fixed length control field 00918nam a22003137a 4500
001 - CONTROL NUMBER
control field 5876
003 - CONTROL NUMBER IDENTIFIER
control field FISKH
005 - DATE AND TIME OF LATEST TRANSACTION
control field 20250127121333.0
008 - FIXED-LENGTH DATA ELEMENTS--GENERAL INFORMATION
fixed length control field 250127b cb ||||| |||| 00| 0 eng d
020 ## - INTERNATIONAL STANDARD BOOK NUMBER
International Standard Book Number 047415260025
040 ## - CATALOGING SOURCE
Original cataloging agency FISKH
Language of cataloging eng
Transcribing agency FISKH
Modifying agency FISKH
050 ## - LIBRARY OF CONGRESS CALL NUMBER
Classification number PZ8.H146
082 ## - DEWEY DECIMAL CLASSIFICATION NUMBER
Classification number 279
100 ## - MAIN ENTRY--PERSONAL NAME
Personal name Hall, Kirsten
Dates associated with a name (1974-)
245 ## - TITLE STATEMENT
Title My best friend /
Statement of responsibility, etc. by Kirsten Hall illustrated by Chris Demarest
250 ## - EDITION STATEMENT
Edition statement This edition published in 1999
260 ## - PUBLICATION, DISTRIBUTION, ETC.
Place of publication, distribution, etc. Walcot :
Name of publisher, distributor, etc. All Star,
Date of publication, distribution, etc. 1999.
300 ## - PHYSICAL DESCRIPTION
Extent 31 pages :
Other physical details color illustrations ;
Dimensions 23 cm
490 ## - SERIES STATEMENT
Series statement Reader's digest kids
Volume/sequential designation All star readers grade 1
505 ## - FORMATTED CONTENTS NOTE
Formatted contents note C<br/>
520 ## - SUMMARY, ETC.
Summary, etc. A boy describes his best friend, his puppy.
521 8# - TARGET AUDIENCE NOTE
Target audience note 140<br/>
Source Lexile<br/>
521 8# - TARGET AUDIENCE NOTE
Target audience note C<br/>
Source Raz-Plus<br/>
650 ## - SUBJECT ADDED ENTRY--TOPICAL TERM
Source of heading or term Friends
Topical term or geographic name entry element Friendship
650 ## - SUBJECT ADDED ENTRY--TOPICAL TERM
Source of heading or term Animals
Topical term or geographic name entry element Pets
700 ## - ADDED ENTRY--PERSONAL NAME
Personal name Demarest, Chris
Dates associated with a name illustrator
942 ## - ADDED ENTRY ELEMENTS (KOHA)
Source of classification or shelving scheme Dewey Decimal Classification
Koha item type Books
Suppress in OPAC No
Holdings
Withdrawn status Lost status Source of classification or shelving scheme Damaged status Not for loan Collection Home library Current library Shelving location Date acquired Total Checkouts Full call number Barcode Date last seen Copy number Price effective from Koha item type
    Dewey Decimal Classification     Juvenile Fiction Footprints International School Library Network Toul Kork Campus Footprints International School Library Network Toul Kork Campus TK Primary Library Room(4th Floor), Bookcase 7, Shelves 57-60, Dark Green Books 01/27/2025   HAL 279 PZ8.H146 2025-0106 01/27/2025 1 01/27/2025 Books